000 00285nam a2200121Ia 4500
005 20251222155139.0
008 251222s9999||||xx |||||||||||||| ||spa||
082 _aPED.54
245 0 _aManual de vacunas en pediatrĂ­a
250 _a1ra. ed.
264 _bLatinoamericana
942 _cLIB
999 _c39101
_d39101